Statistiques concernant Clubs de Premier League par emojis

Cliquez ici pour prendre le quiz!

Statistiques générales

  • Ce quiz a été pris 530 fois
  • Le résultat moyen est 10 sur 20

Statistiques - réponses

HintRéponse% Correct
💛🖤🐺Wolves
86%
❤️🤍😈Manchester United
67%
❤️🤍🌳Nottingham Forrest
66%
💙💙🦁Chelsea
63%
💙❤️🦅Crystal Palace
63%
⚒️💜🩵West Ham
62%
❤️🤍🐝Brentford
61%
🖤🤍🐴🧜Newcastle
54%
🩵🤍🇦🇪Manchester City
51%
❤️🖤🍒Bournemouth
50%
🧡💙🎩Luton Town
49%
💙🤍🕊️Brighton
47%
❤️🤍🦖Arsenal
43%
🩵💜🦁Aston Villa
39%
🖤🤍🐓Tottenham
38%
❤️❤️⬆️FC Liverpool
33%
🖤🤍🖤Fulham
29%
💙🤍🏠Everton
27%
💜🤍🪿Burnley
23%
❤️🤍⚔️Sheffield United
21%

Distribution des résultats

Percentile par nombre de réponses

% des personnes avec chaque résultat

Votre développement - résultats

Vous n’avez pas pris ce quiz